000 00565nam a2200181Ia 4500
005 20250508150810.0
008 008 250505s9999 xx 000 0 eng d
037 _aTextual
040 _aFEDL
_beng
_cFEDL
041 _aeng
_2eng
084 _a645.4, BOO
_qFEDL
245 0 _aBookcases, tables and chairs: Some useful and practical designs for inexpensive pieces of furniture
260 _aLondon, UK
_bC Arthur Pearson Ltd
_c1948
300 _a194p.
490 _aHome mechanic series
942 _cTEXL
_h645.4, BOO
999 _c1325723
_d1325723